[Event "Lansing (MOR/4/20)"]
[Site "?"]
[Date "1996.??.??"]
[Round "?"]
[White "Dunlap, Robert"]
[Black "Nixon, Peter"]
[Result "1-0"]
[WhiteElo "1675"]
[BlackElo "1605"]
[PlyCount "95"]
[EventDate "1996.??.??"]

{4/(20)} 1. e4 c5 2. Nf3 Nc6 3. b3 d6 4. Bb2 Bg4 5. Be2 e6 6. O-O Nf6 7. d3 Be7
8. Nfd2 Bxe2 9. Qxe2 Nd4 10. Bxd4 cxd4 11. c3 dxc3 12. Nxc3 Rc8 13. Nd1 O-O 14.
Ne3 Rc3 15. d4 Qb6 16. d5 Qd4 17. Rac1 Rfc8 18. Rxc3 Rxc3 19. dxe6 fxe6 20. Re1
Qd3 21. Kf1 Bd8 22. Qxd3 Rxd3 23. Ke2 Rc3 24. Nec4 d5 25. exd5 exd5 26. Nd6 Rc2
27. Nxb7 Ne4 28. Nxd8 Rxd2+ 29. Ke3 Rxf2 30. Re2 Rxe2+ 31. Kxe2 Nc3+ 32. Kd3
Nxa2 33. Nc6 Nc1+ 34. Kc2 Ne2 35. Nxa7 Kf7 36. g3 Ke6 37. b4 Kd6 38. Nb5+ Kc6
39. Nc3 Nd4+ 40. Kd3 Ne6 41. Ne2 Kd6 42. Nd4 Nc7 43. Nf5+ Ke5 44. Nxg7 d4 45.
Nh5 Nd5 46. b5 Nb4+ 47. Kd2 Kd5 48. Nf6+ 1-0

[Event "Lansing (MOR/6/9)"]
[Site "?"]
[Date "1996.??.??"]
[Round "?"]
[White "Dunlap, Robert"]
[Black "Dolin, Jack"]
[Result "1-0"]
[WhiteElo "1675"]
[BlackElo "1605"]
[PlyCount "21"]
[EventDate "1996.??.??"]

{6/(9)} 1. e4 e5 2. f4 exf4 3. Nf3 d5 4. exd5 Qxd5 5. Nc3 Qh5 6. d4 g5 7. Bc4
Bg4 8. O-O Bxf3 9. Rxf3 Bd6 10. Re3+ fxe3 11. Qxh5 1-0

[Event "Lansing (MOR/2/14)"]
[Site "?"]
[Date "1996.??.??"]
[Round "?"]
[White "Dunlap, Robert"]
[Black "Assem, N."]
[Result "0-1"]
[WhiteElo "1675"]
[BlackElo "1605"]
[PlyCount "120"]
[EventDate "1996.??.??"]

{2/(14)} 1. e4 e5 2. Nf3 Nc6 3. Bb5 a6 4. Ba4 Nf6 5. O-O Be7 6. Re1 d6 7. Nc3
O-O 8. d3 Bd7 9. Bg5 h6 10. Bh4 Ne8 11. Bxe7 Nxe7 12. Bb3 Kh8 13. d4 Ng6 14.
dxe5 dxe5 15. Qe2 c6 16. Rad1 Qe7 17. Rd3 Nf4 18. Qe3 Nxd3 19. Qxd3 Rd8 20. Qe3
Nf6 21. h3 Nh5 22. Ne2 b5 23. Kh2 c5 24. Bd5 Nf6 25. c4 b4 26. Ng3 Kh7 27. Rd1
a5 28. Kh1 Rc8 29. Nd2 a4 30. Ndf1 Rc7 31. Qd3 Ne8 32. Ne3 g6 33. Rd2 Ng7 34.
Ng4 f5 35. exf5 Nxf5 36. Ne4 Nd4 37. Nef6+ Kg7 38. Qe3 Rxf6 39. Nxf6 Qxf6 40.
Re2 Nf5 41. Qxe5 Qxe5 42. Rxe5 Kf6 43. f4 g5 44. g4 gxf4 45. Rxf5+ Bxf5 46.
gxf5 Kxf5 47. Kg2 Rg7+ 48. Kf3 Rg3+ 49. Kf2 Rxh3 50. Bc6 Rh2+ 51. Ke1 Rxb2 52.
Bxa4 Rxa2 53. Bd7+ Ke4 54. Kd1 Kd3 55. Bf5+ Kc3 56. Ke1 b3 57. Kd1 f3 58. Ke1
Kd4 59. Kf1 Ke3 60. Bb1 Ra1 0-1

[Event "Eastpointe (EDO/2/11)"]
[Site "?"]
[Date "1996.??.??"]
[Round "?"]
[White "Duncan, Robert"]
[Black "Grossman, Jay"]
[Result "0-1"]
[WhiteElo "1605"]
[BlackElo "1900"]
[PlyCount "74"]
[EventDate "1996.??.??"]

{2/(11)} 1. d4 Nf6 2. Bg5 e6 3. Nd2 d5 4. e3 c5 5. c3 Nc6 6. Ngf3 Be7 7. Bd3
O-O 8. O-O a6 9. Re1 b5 10. e4 dxe4 11. Nxe4 cxd4 12. cxd4 Bb7 13. Nc5 Ra7 14.
Nxb7 Rxb7 15. a3 h6 16. Bh4 Rd7 17. Bxf6 Bxf6 18. Qc2 Nxd4 19. Nxd4 Rxd4 20.
Rad1 Qd7 21. Be2 Rc8 22. Rxd4 Bxd4 23. Qe4 Bxb2 24. Rd1 Qe7 25. Qb4 Bxa3 26.
Qxe7 Bxe7 27. Rd7 Rc2 28. Kf1 Rc1+ 29. Bd1 Kf8 30. Ke2 Bc5 31. Rd8+ Ke7 32. Ra8
Ra1 33. h3 Ra2+ 34. Kd3 a5 35. Rb8 b4 36. Bc2 a4 37. Ra8 b3 0-1

[Event "Kalamazoo (MI Am/5/13)"]
[Site "?"]
[Date "1996.??.??"]
[Round "?"]
[White "Dumas, Steve"]
[Black "Welch, Joseph"]
[Result "0-1"]
[WhiteElo "1605"]
[BlackElo "1670"]
[PlyCount "66"]
[EventDate "1996.??.??"]

{5/(13)} 1. d4 Nf6 2. Nf3 g6 3. g3 Bg7 4. Bg2 O-O 5. O-O d5 6. Re1 b6 7. Nbd2
Bb7 8. c3 Nbd7 9. b4 c5 10. Ng5 h6 11. Nh3 cxb4 12. Qc2 Rc8 13. c4 Ba8 14. e4
dxe4 15. Bxe4 Nxe4 16. Nxe4 Nf6 17. Nd2 Nd5 18. Bb2 Qd7 19. f3 Qxh3 20. Ne4
Rfe8 21. Qd1 Nc3 22. Bxc3 bxc3 23. Nf2 Qd7 24. Qd3 Bxd4 25. Kg2 Qb7 26. Re4
Rcd8 27. Ng4 Bg7 28. Qe3 Rd2+ 29. Kh3 Qd7 30. Rh1 Bxe4 31. Qxe4 h5 32. Kh4 hxg4
33. fxg4 c2 0-1

[Event "Howell (US Am N/3/27)"]
[Site "?"]
[Date "1996.??.??"]
[Round "?"]
[White "Dumas, Steve"]
[Black "Redman, D."]
[Result "0-1"]
[WhiteElo "1605"]
[BlackElo "1720"]
[PlyCount "134"]
[EventDate "1996.??.??"]

{3/(27)} 1. d4 Nf6 2. Nf3 g6 3. g3 Bg7 4. Bg2 O-O 5. O-O d6 6. Nbd2 c6 7. Re1
Nbd7 8. e4 e5 9. c3 Qc7 10. Nb3 Re8 11. d5 c5 12. c4 Nh5 13. Nh4 Nf8 14. Rf1
Qe7 15. Bf3 Nf6 16. Nd2 h6 17. Re1 N6h7 18. Nf1 f5 19. exf5 gxf5 20. Bh5 Rd8
21. Qc2 Qf6 22. b3 Ng5 23. Kh1 e4 24. Rb1 Nf7 25. Bb2 Qg5 26. Bxf7+ Kxf7 27.
Bc1 Qh5 28. Ng2 Ng6 29. b4 b6 30. Qe2 Qxe2 31. Rxe2 Ne5 32. Nd2 Nf3 33. Ba3 Nd4
34. Re3 Nc2 35. Reb3 cxb4 36. Bb2 a5 37. Bxg7 Kxg7 38. R3b2 Nd4 39. Nb3 Nf3 40.
Nc1 Ne5 41. Nf4 Kf6 42. Nh5+ Kg6 43. Nf4+ Kf6 44. Ne6 Bxe6 45. dxe6 Kxe6 46. a3
Nxc4 47. Ra2 Nxa3 48. Rb3 Rac8 49. Ne2 Nb5 50. Nf4+ Ke7 51. Nd5+ Ke6 52. Nxb6
Rc6 53. Na4 Nc3 54. Rc2 Rdc8 55. Nb2 d5 56. Rd2 Rb8 57. Rc2 d4 58. Rc1 Kd5 59.
Ra1 Ra6 60. Kg1 a4 61. Nxa4 Rxa4 62. Rf1 Ra3 63. Rb2 b3 64. f3 e3 65. f4 Ra2
66. Rg2 Rxg2+ 67. Kxg2 b2 0-1

[Event "Howell (US Am N/4/37)"]
[Site "?"]
[Date "1996.??.??"]
[Round "?"]
[White "Dumas, Steve"]
[Black "Morian, William"]
[Result "0-1"]
[WhiteElo "1605"]
[BlackElo "1605"]
[PlyCount "94"]
[EventDate "1996.??.??"]

{4/(37)} 1. d4 Nf6 2. Nf3 e6 3. e3 c5 4. c3 cxd4 5. Nxd4 d5 6. Nd2 Bd7 7. Bd3
Nc6 8. Nc2 Bd6 9. O-O Qc7 10. g3 O-O 11. Re1 Ne5 12. Be2 Bc6 13. b4 Ba4 14. a3
Qxc3 15. Ra2 Rac8 16. Nb1 Bxc2 17. Nxc3 Bxd1 18. f4 Nf3+ 19. Bxf3 Bxf3 20. Nb5
Bb8 21. Nd4 Be4 22. h3 a6 23. Kf2 Ba7 24. Bb2 Bxd4 25. Bxd4 Rc6 26. g4 Rfc8 27.
Kg3 Rc2 28. Rxc2 Rxc2 29. Bxf6 gxf6 30. Rg1 Rc3 31. Kh4 Rxe3 32. g5 f5 33. Rg3
Rxg3 34. Kxg3 d4 35. Kf2 d3 36. Ke3 Kg7 37. a4 Kg6 38. b5 axb5 39. axb5 Kh5 40.
b6 Kh4 41. Kd2 Kg3 42. Ke3 d2 43. Kxd2 Kxf4 44. h4 Kg3 45. h5 f4 46. g6 fxg6
47. hxg6 hxg6 0-1

[Event "Kalamazoo (Mini-Swiss.3/3)"]
[Site "?"]
[Date "1996.??.??"]
[Round "?"]
[White "Dumas, Steve"]
[Black "Jackson, Don"]
[Result "0-1"]
[WhiteElo "1605"]
[BlackElo "1605"]
[PlyCount "84"]
[EventDate "1996.??.??"]

{3/(3)} 1. d4 g5 2. Bxg5 Bg7 3. e3 c5 4. Nf3 Qa5+ 5. c3 Nc6 6. Bc4 cxd4 7. exd4
Nxd4 8. Bd2 Nxf3+ 9. Qxf3 Qe5+ 10. Be3 Nf6 11. O-O Qe4 12. Qe2 a6 13. Nd2 Qc6
14. Rae1 d5 15. Bh6 Be6 16. Bxg7 Rg8 17. Bxf6 dxc4 18. f3 exf6 19. Nxc4 O-O-O
20. Ne3 Qc5 21. b4 Qc7 22. c4 Rd4 23. Rc1 Qb6 24. a3 Bh3 25. c5 Qe6 26. Rf2 f5
27. Kh1 f4 28. Nc4 Qxe2 29. Rxe2 Be6 30. Nd6+ Kb8 31. c6 Rxd6 32. cxb7 Rgd8 33.
h3 Kxb7 34. Kh2 Rd2 35. Re5 Rg8 36. Rg1 Bd5 37. Re7+ Kc6 38. Rc1+ Kb5 39. Rc5+
Ka4 40. Rc1 Rdxg2+ 41. Kh1 Bxf3 42. Rxf7 Re2# 0-1

[Event "Howell (US Am N/1/23)"]
[Site "?"]
[Date "1996.??.??"]
[Round "?"]
[White "Dumas, Steve"]
[Black "Guhl, U."]
[Result "0-1"]
[WhiteElo "1605"]
[BlackElo "1875"]
[PlyCount "64"]
[EventDate "1996.??.??"]

{1/(23)} 1. d4 c5 2. Nf3 Nf6 3. e3 g6 4. g3 Bg7 5. Nbd2 d5 6. Bg2 Nc6 7. O-O
Bf5 8. c3 O-O 9. Re1 e5 10. dxe5 Ng4 11. Nb3 b6 12. Nh4 Be6 13. e4 d4 14. cxd4
cxd4 15. Nf3 d3 16. Bf4 Rc8 17. Bg5 Qd7 18. Bf1 Nb4 19. Nbd4 Nxe5 20. Nxe5 Qxd4
21. Nxd3 Nc2 22. Rc1 Nxe1 23. Qxe1 Rxc1 24. Qxc1 Rc8 25. Qd2 Bxa2 26. Bh3 Re8
27. Bg2 Bb1 28. Be3 Qxd3 29. Qxd3 Bxd3 30. f3 Bxb2 31. Bh3 f5 32. Kf2 fxe4 0-1

[Event "Howell (US Am N/6/30)"]
[Site "?"]
[Date "1996.??.??"]
[Round "?"]
[White "Dumas, Steve"]
[Black "Garrison, Ray"]
[Result "0-1"]
[WhiteElo "1605"]
[BlackElo "2000"]
[PlyCount "80"]
[EventDate "1996.??.??"]

{6/(30)} 1. d4 g6 2. Nf3 Bg7 3. g3 d6 4. Bg2 Nc6 5. e3 Bd7 6. O-O Qc8 7. Re1
Bh3 8. Bh1 h5 9. Ng5 Bg4 10. f3 Bd7 11. c3 e5 12. d5 Nce7 13. f4 Bg4 14. Bf3
Bxf3 15. Qxf3 h4 16. fxe5 Qf5 17. Qxf5 Nxf5 18. e4 hxg3 19. h3 Nh4 20. exd6 Bh6
21. Rf1 g2 22. Rxf7 Bxg5 23. Rxc7 Bxc1 24. Nd2 Bxd2 25. Kf2 g5 26. d7+ Kd8 27.
Rxb7 Nf6 28. Rd1 Nxe4+ 29. Ke2 Rf8 30. Rb4 Rf2+ 31. Kd3 Rf1 32. Rxd2 Nxd2 33.
Kxd2 g1=Q 34. Kc2 Qg2+ 35. Kb3 Qxd5+ 36. Ka3 Ra1 37. b3 Qa5+ 38. Ra4 Qxc3 39.
Rc4 Qa5+ 40. Ra4 Qc5+ 0-1

[Event "Kalamazoo (Mini-Swiss.3/1)"]
[Site "?"]
[Date "1996.??.??"]
[Round "?"]
[White "Dumas, Steve"]
[Black "Cunningham, E."]
[Result "1-0"]
[WhiteElo "1605"]
[BlackElo "1605"]
[PlyCount "75"]
[EventDate "1996.??.??"]

{3/(1)} 1. d4 d5 2. Nf3 Nc6 3. e3 Nf6 4. Nbd2 Bf5 5. a3 e6 6. Bd3 Bxd3 7. cxd3
Bd6 8. O-O O-O 9. Re1 e5 10. e4 dxe4 11. dxe4 Re8 12. d5 Nd4 13. Nh4 g6 14.
Ndf3 Bc5 15. b4 Bb6 16. Bb2 Nxf3+ 17. Qxf3 Qd7 18. Qxf6 Bd4 19. Bxd4 exd4 20.
Qxd4 Qg4 21. Nf3 Qf4 22. Re3 b6 23. g3 Qg4 24. Ne5 Qh3 25. Rc1 Rac8 26. Rf3 Re7
27. d6 c5 28. Qd5 Ree8 29. Qxf7+ Kh8 30. d7 Rf8 31. dxc8=Q Qxc8 32. Qxf8+ Qxf8
33. Rxf8+ Kg7 34. Rf7+ Kh6 35. Rxa7 b5 36. Rxc5 g5 37. Nf7+ Kh5 38. Rxg5# 1-0

[Event "Detroit (WCO/3/16)"]
[Site "?"]
[Date "1996.??.??"]
[Round "?"]
[White "Duma, E."]
[Black "Henry, Robynne"]
[Result "0-1"]
[WhiteElo "1605"]
[BlackElo "1605"]
[PlyCount "70"]
[EventDate "1996.??.??"]

{3/(16)} 1. e4 c6 2. Nc3 d5 3. exd5 cxd5 4. d4 Bf5 5. Nf3 e6 6. Bf4 Nc6 7. Bd3
Bxd3 8. Qxd3 Bd6 9. Bxd6 Qxd6 10. O-O Nf6 11. Ng5 O-O 12. Rae1 h6 13. Nf3 Rfe8
14. Ne5 a6 15. a3 Qc7 16. f4 Qb6 17. Nxc6 Qxc6 18. Re2 Rad8 19. f5 Qc4 20. Qxc4
dxc4 21. fxe6 Rxe6 22. Rd2 Nd5 23. Nxd5 Rxd5 24. c3 Kf8 25. Rdf2 f6 26. Rd2 Re3
27. Kf2 Re7 28. Re1 Rf5+ 29. Kg3 Rxe1 30. d5 Ke7 31. Kg4 Ref1 32. d6+ Kd7 33.
Kh3 R1f2 34. Rd4 R2f4 35. Rd1 Rf2 0-1

[Event "Detroit (WCO/2/17)"]
[Site "?"]
[Date "1996.??.??"]
[Round "?"]
[White "Duma, E."]
[Black "Chrzan, Anthony"]
[Result "1-0"]
[WhiteElo "1605"]
[BlackElo "1605"]
[PlyCount "87"]
[EventDate "1996.??.??"]

{2/(17)} 1. e4 e5 2. Nf3 d6 3. Bc4 Nf6 4. d3 Nc6 5. Ng5 d5 6. exd5 Na5 7. d6
Nxc4 8. dxc4 Bxd6 9. O-O h6 10. Nf3 Bg4 11. h3 Bxf3 12. Qxf3 c6 13. Nc3 Bb4 14.
Ne4 Nxe4 15. Qxe4 Qe7 16. c3 Ba5 17. Re1 Bc7 18. b4 O-O 19. a4 f5 20. Qe3 e4
21. Ba3 Qe5 22. g3 f4 23. gxf4 Qxf4 24. Qxf4 Rxf4 25. Kg2 Re8 26. Rad1 Rf3 27.
Re3 Rxe3 28. fxe3 a6 29. b5 axb5 30. cxb5 Ba5 31. c4 Re6 32. bxc6 bxc6 33. Rd4
Bb6 34. c5 Ba5 35. Bb4 Bxb4 36. Rxb4 Re5 37. Rc4 Rf5 38. a5 Rf8 39. a6 Re8 40.
Rb4 Ra8 41. Rb6 Rc8 42. a7 Ra8 43. Rb8+ Rxb8 44. axb8=Q+ 1-0

[Event "Detroit (WCO/5/23)"]
[Site "?"]
[Date "1996.??.??"]
[Round "?"]
[White "Duma, E."]
[Black "Akinlua, K."]
[Result "1-0"]
[WhiteElo "1605"]
[BlackElo "1605"]
[PlyCount "35"]
[EventDate "1996.??.??"]

{5/(23)} 1. e4 d5 2. exd5 Qxd5 3. Nc3 Bf5 4. Nxd5 e6 5. Nxc7+ Ke7 6. Nxa8 Nf6
7. d4 Ne4 8. Bd3 g6 9. Nf3 Nc6 10. Nc7 Bg4 11. Bxe4 Bxf3 12. Qxf3 Nxd4 13. Bg5+
f6 14. Qxf6+ Kd6 15. Qxd4+ Kxc7 16. Bf4+ Bd6 17. Qxd6+ Kc8 18. Qc7# 1-0

[Event "Kalamazoo (Swiss/1/8)"]
[Site "?"]
[Date "1996.??.??"]
[Round "?"]
[White "Duff, I."]
[Black "Schulte, Michael"]
[Result "0-1"]
[WhiteElo "1605"]
[BlackElo "1605"]
[PlyCount "56"]
[EventDate "1996.??.??"]

{1/(8)} 1. Nf3 e6 2. g3 b6 3. Bg2 Bb7 4. Nc3 d5 5. d4 Nd7 6. O-O Ngf6 7. Bg5
Bb4 8. Ne5 Bxc3 9. bxc3 Bc8 10. c4 c6 11. Nxc6 Qc7 12. Nb4 Qxc4 13. a3 a5 14.
Nd3 Qxd4 15. e3 Qg4 16. Bh3 Qxg5 17. f4 Qh5 18. g4 Qxh3 19. Nf2 Qxe3 20. f5
Nxg4 21. Kg2 Nxf2 22. Rxf2 exf5 23. Rxf5 Qe4+ 24. Rf3 O-O 25. Kf2 Ne5 26. Re3
Ng4+ 27. Ke2 Qxe3+ 28. Kf1 Qf2# 0-1

[Event "Kalamazoo (Swiss/4/10)"]
[Site "?"]
[Date "1996.??.??"]
[Round "?"]
[White "Duff, I."]
[Black "Oh, James"]
[Result "1-0"]
[WhiteElo "1605"]
[BlackElo "1605"]
[PlyCount "48"]
[EventDate "1996.??.??"]

{4/(10)} 1. b4 e5 2. Nc3 Bxb4 3. Bb2 Nf6 4. Nf3 Nc6 5. e4 O-O 6. Bd3 d5 7. O-O
Bxc3 8. Bxc3 Bg4 9. Re1 Bxf3 10. gxf3 dxe4 11. fxe4 Nh5 12. Kh1 Nf4 13. Rg1
Nxd3 14. cxd3 Qxd3 15. Rc1 Nd4 16. Bxd4 Qxd4 17. Qe2 g6 18. Rg3 Qb2 19. Rcg1
Qxa2 20. Rh3 Qe6 21. Qh5 Kg7 22. Qxh7+ Kf6 23. Rf3+ Ke7 24. Qh4+ f6 {
[Remainder illegible; 1-0, 55?]} 1-0

[Event "Detroit (Beg/1/7)"]
[Site "?"]
[Date "1996.??.??"]
[Round "?"]
[White "Dueerne, T."]
[Black "Musulin, A."]
[Result "1-0"]
[WhiteElo "1605"]
[BlackElo "1605"]
[PlyCount "36"]
[EventDate "1996.??.??"]

{1/(7)} 1. d4 d5 2. Bf4 Nc6 3. c3 e6 4. h4 Bd6 5. Bg5 Nf6 6. Bxf6 Qxf6 7. Qd2
Bf4 8. e3 Bh6 9. Bb5 a6 10. Ba4 b5 11. Bb3 O-O 12. Qd3 e5 13. Nd2 Bf5 14. Qe2
Rfe8 15. Bxd5 Nxd4 16. cxd4 exd4 17. Bxa8 d3 18. Qf3 Qxb2 {[Remainder
illegible; 1-0, 46?]} 1-0

[Event "Kalamazoo (MI Am/2/8)"]
[Site "?"]
[Date "1996.??.??"]
[Round "?"]
[White "Drysdale, Gilbert"]
[Black "Stark, Jay"]
[Result "1-0"]
[WhiteElo "1840"]
[BlackElo "1605"]
[PlyCount "65"]
[EventDate "1996.??.??"]

{2/(8)} 1. c4 c6 2. Qa4 d5 3. cxd5 Qxd5 4. Nc3 Qd8 5. Nf3 Nf6 6. e4 e6 7. d4
Be7 8. Bd3 O-O 9. Qc2 Ne8 10. g4 b6 11. e5 g6 12. Bh6 Ng7 13. h4 Na6 14. a3 c5
15. Be4 Rb8 16. h5 Qe8 17. hxg6 fxg6 18. O-O-O Bb7 19. Rh3 Bxe4 20. Qxe4 Rf7
21. d5 Bd8 22. d6 Rbb7 23. Rdh1 Rbd7 24. Be3 Nf5 25. gxf5 gxf5 26. Rg1+ Rg7 27.
Rxg7+ Rxg7 28. Qc4 Nb8 29. Ne2 Nd7 30. Nf4 Nf8 31. Rg3 Rxg3 32. fxg3 Bg5 33.
Nxg5 1-0

[Event "Kalamazoo (MI Am/4/2)"]
[Site "?"]
[Date "1996.??.??"]
[Round "?"]
[White "Drysdale, Gilbert"]
[Black "Marson, Michael"]
[Result "1-0"]
[WhiteElo "1840"]
[BlackElo "1705"]
[PlyCount "59"]
[EventDate "1996.??.??"]

{4/(2)} 1. c4 Nf6 2. Nc3 g6 3. g3 Bg7 4. Bg2 O-O 5. e4 d6 6. Nge2 c5 7. O-O Nc6
8. d3 Ne8 9. Be3 f5 10. f4 fxe4 11. dxe4 Be6 12. Nd5 Nf6 13. h3 Bf7 14. Qd2
Nxd5 15. exd5 Na5 16. Rac1 Qb6 17. b3 Qa6 18. Nc3 b6 19. Be4 Qc8 20. g4 Nb7 21.
f5 gxf5 22. gxf5 Bd4 23. Kh1 Bg7 24. Bh6 Bg6 25. Bxg7 Rf7 26. Qg2 Rxg7 27. fxg6
hxg6 28. Rf4 g5 29. Rg4 Qf8 30. Rf1 1-0

[Event "Detroit (MI Team/1/1/3)"]
[Site "?"]
[Date "1996.??.??"]
[Round "?"]
[White "Drkulec, Vladimir"]
[Black "Walquist, Elaine"]
[Result "1-0"]
[WhiteElo "2140"]
[BlackElo "1750"]
[PlyCount "49"]
[EventDate "1996.??.??"]

{1/1} 1. d4 Nf6 2. c4 e5 3. dxe5 Ng4 4. Bf4 Nc6 5. Nf3 Qe7 6. Nc3 Ncxe5 7. Nxe5
Nxe5 8. e3 c6 9. Be2 Ng6 10. Bg3 d6 11. O-O Be6 12. Ne4 Ne5 13. c5 Qd7 14. cxd6
Nc4 15. Nc5 Nxb2 16. Qc2 Qd8 17. Qxb2 b6 18. Nxe6 fxe6 19. Bh5+ Kd7 20. Rac1
Rc8 21. Rfd1 Qf6 22. Be5 Qg5 23. Be2 c5 24. Bb5+ Rc6 25. Qa3 1-0

[Event "Detroit (MEX/1/1)"]
[Site "?"]
[Date "1996.??.??"]
[Round "?"]
[White "Drkulec, Vladimir"]
[Black "Thompson, Dexter"]
[Result "0-1"]
[WhiteElo "2140"]
[BlackElo "2345"]
[PlyCount "80"]
[EventDate "1996.??.??"]

1. d4 Nf6 2. c4 e5 3. dxe5 Ng4 4. Nf3 Bc5 5. e3 Nc6 6. a3 a5 7. Nc3 O-O 8. Be2
Ngxe5 9. Nxe5 Nxe5 10. O-O d6 11. Na4 Ba7 12. Bd2 Bd7 13. b4 Qh4 14. Nb2 Rfe8
15. Bc3 Ng4 16. h3 Nxe3 17. fxe3 Bxe3+ 18. Kh2 Bf4+ 19. Rxf4 Qxf4+ 20. Kh1 Qe3
21. Bd3 axb4 22. Bxb4 Bc6 23. Qg4 Qe5 24. Rb1 Be4 25. Re1 f5 26. Qe2 c5 27.
Bxe4 fxe4 28. Bxc5 Qxc5 29. a4 Re7 30. Rd1 Rf8 31. Rf1 Rxf1+ 32. Qxf1 Rf7 33.
Qe1 Qf2 34. Qxe4 Qxb2 35. Qe8+ Rf8 36. Qe6+ Kh8 37. Qxd6 Qc1+ 38. Kh2 Qf4+ 39.
Qxf4 Rxf4 40. Kg3 Rxc4 0-1

[Event "Detroit (MEX/3/4)"]
[Site "?"]
[Date "1996.??.??"]
[Round "?"]
[White "Drkulec, Vladimir"]
[Black "Hahn, David"]
[Result "0-1"]
[WhiteElo "2140"]
[BlackElo "2215"]
[PlyCount "48"]
[EventDate "1996.??.??"]

{3/(4)} 1. d4 d6 2. c4 e5 3. d5 f5 4. g3 Nf6 5. Nf3 g6 6. Nc3 Bg7 7. Bg2 O-O 8.
O-O Na6 9. Bd2 h6 10. Qc2 g5 11. Rfd1 Qe8 12. Be1 Qh5 13. Nd2 Ng4 14. Nf1 e4
15. f3 Ne5 16. fxe4 fxe4 17. Ne3 Ng4 18. Nxg4 Bxg4 19. Bxe4 Rae8 20. Bf3 Qh3
21. Bf2 Rxf3 22. exf3 Bxf3 23. Bd4 Re1+ 24. Kf2 Qf1# 0-1

[Event "Detroit (MEX/4/7)"]
[Site "?"]
[Date "1996.??.??"]
[Round "?"]
[White "Drkulec, Vladimir"]
[Black "Bailey, Greg"]
[Result "1-0"]
[WhiteElo "2140"]
[BlackElo "2030"]
[PlyCount "77"]
[EventDate "1996.??.??"]

{4/(7)} 1. d4 c5 2. d5 e5 3. e4 Nf6 4. Bd3 d6 5. c4 Be7 6. h3 O-O 7. Nc3 Na6 8.
Nf3 Bd7 9. O-O Nb4 10. Be2 Qa5 11. Bd2 Rfb8 12. Re1 Qd8 13. Bf1 Na6 14. Rb1 Nc7
15. a4 a6 16. b4 cxb4 17. Rxb4 a5 18. Rb2 Na6 19. Be3 b6 20. Qc2 Nc5 21. Reb1
Be8 22. Be2 g6 23. Nd2 Nfd7 24. Nb5 f5 25. f4 fxe4 26. fxe5 dxe5 27. Nxe4 g5
28. d6 Bf6 29. Rf1 Nxe4 30. Qxe4 Bg6 31. Qd5+ Bf7 32. Qd2 e4 33. Bd4 Bxd4+ 34.
Qxd4 Ne5 35. Bg4 Rb7 36. Rbf2 Rab8 37. d7 Rxd7 38. Bxd7 e3 39. Rxf7 1-0

[Event "Kalamazoo (MI Am/5/17)"]
[Site "?"]
[Date "1996.??.??"]
[Round "?"]
[White "Draper, M."]
[Black "Phalen, P."]
[Result "0-1"]
[WhiteElo "1605"]
[BlackElo "1605"]
[PlyCount "62"]
[EventDate "1996.??.??"]

{5/(17)} 1. e4 e5 2. Nf3 Nc6 3. Bb5 Bc5 4. O-O d6 5. d4 exd4 6. Nxd4 Bd7 7.
Bxc6 bxc6 8. Be3 Nf6 9. Qf3 O-O 10. Qg3 Nxe4 11. Qf3 d5 12. c3 Qc8 13. b4 Bg4
14. Qf4 Bd6 15. Nxc6 Re8 16. Qxg4 Qxg4 17. Nd4 Qh5 18. Nf3 Re6 19. Bd4 Ng5 20.
Nbd2 Rh6 21. g3 Nxf3+ 22. Nxf3 Qxf3 23. Rfe1 Qh5 24. Kg2 Qxh2+ 25. Kf3 Qh5+ 26.
Kg2 Re6 27. Rh1 Qg6 28. Rae1 Rae8 29. Rxe6 Rxe6 30. Bxa7 Re2 31. Kf1 Rxa2 0-1

[Event "Kalamazoo (MI Am/4/13)"]
[Site "?"]
[Date "1996.??.??"]
[Round "?"]
[White "Draper, M."]
[Black "Kane, Paul"]
[Result "0-1"]
[WhiteElo "1605"]
[BlackElo "1605"]
[PlyCount "70"]
[EventDate "1996.??.??"]

{4/(13)} 1. d4 d5 2. c4 c6 3. Nc3 Nf6 4. Nf3 dxc4 5. e3 b5 6. a4 b4 7. Nb1 Ba6
8. b3 c3 9. Bxa6 Nxa6 10. Qd3 Qc8 11. O-O e6 12. Ne5 Bd6 13. Nc4 Bc7 14. Nxc3
bxc3 15. Qxc3 O-O 16. Ba3 Nd5 17. Qd2 Rd8 18. f4 Rb8 19. Rab1 Ndb4 20. Rf3 c5
21. Rbf1 cxd4 22. exd4 Nc6 23. Bb2 Nc5 24. Qc2 Nxd4 25. Bxd4 Rxd4 26. Rh3 g6
27. Qf2 Qd7 28. Qh4 h5 29. Qg5 Ne4 30. Qh6 Rd1 31. Ne3 Rxf1+ 32. Nxf1 Bb6+ 33.
Re3 Bxe3+ 34. Nxe3 Qd4 35. f5 Rxb3 0-1

[Event "Kalamazoo (MI Am/2/13)"]
[Site "?"]
[Date "1996.??.??"]
[Round "?"]
[White "Draper, M."]
[Black "Hencir, Edward"]
[Result "1-0"]
[WhiteElo "1605"]
[BlackElo "1680"]
[PlyCount "137"]
[EventDate "1996.??.??"]

{2/(13)} 1. e4 c5 2. Nf3 e6 3. d4 cxd4 4. Nxd4 a6 5. c4 Qc7 6. Nc3 Nf6 7. Be2
Be7 8. O-O O-O 9. f4 d6 10. b3 b5 11. Bb2 bxc4 12. Bxc4 Nbd7 13. Rc1 Qa7 14.
Kh1 Bb7 15. Re1 Rac8 16. Nf3 Qa8 17. f5 exf5 18. exf5 Rfe8 19. Rc2 Bxf3 20.
Qxf3 Qxf3 21. gxf3 Ne5 22. Bxa6 Rc7 23. Kg2 h6 24. Rec1 Ra8 25. Bb5 Rb8 26. a4
Rbc8 27. Ba6 Ra8 28. Be2 Ned7 29. Nb5 Rc5 30. Ba3 Rxc2 31. Rxc2 Nc5 32. Bc4 Rd8
33. Nd4 Bf8 34. a5 Ra8 35. b4 Ncd7 36. a6 Ne5 37. b5 Nxc4 38. Rxc4 d5 39. Rc3
Bxa3 40. Rxa3 Nd7 41. Rc3 Nb6 42. Rc6 Nc4 43. Rc5 Kf8 44. Kf2 Nd6 45. Nc6 Ke8
46. Nb4 d4 47. Nd5 Rc8 48. Rxc8+ Nxc8 49. Ke2 Kd7 50. Kd3 Kd6 51. Kxd4 f6 52.
f4 h5 53. h4 Na7 54. Kc4 Nc8 55. Nb4 Nb6+ 56. Kd4 Nc8 57. Nc6 Nb6 58. Nd8 Nc8
59. Ne6 Nb6 60. Nxg7 Kc7 61. Nxh5 Nd7 62. Kd5 Kb6 63. Ke6 Nc5+ 64. Kxf6 Nxa6
65. Ng7 Kxb5 66. h5 Nc5 67. h6 Ne4+ 68. Ke7 Kc6 69. h7 1-0

[Event "Ann Arbor (Fall Open/2/10)"]
[Site "?"]
[Date "1996.??.??"]
[Round "?"]
[White "Dowling, James"]
[Black "Renauer, D."]
[Result "0-1"]
[WhiteElo "1605"]
[BlackElo "1605"]
[PlyCount "76"]
[EventDate "1996.??.??"]

{2/(10)} 1. Nf3 Nf6 2. c4 e6 3. g3 d5 4. Bg2 c5 5. O-O Be7 6. Qc2 Nc6 7. b3 O-O
8. a3 d4 9. d3 b6 10. e4 e5 11. h3 h6 12. Nh2 Be6 13. f4 Nh7 14. f5 Bd7 15. Qe2
Bg5 16. Nd2 Be3+ 17. Kh1 g6 18. g4 Qg5 19. Ndf3 Qf4 20. Bxe3 dxe3 21. h4 Nf6
22. Ng1 Qg3 23. Rf3 Qxh4 24. Rh3 Qg5 25. Ngf3 Qf4 26. Rg1 h5 27. g5 Nh7 28. Rh4
Nd4 29. Qb2 Qg3 30. Nf1 Qf2 31. Qxf2 exf2 32. Nxd4 fxg1=Q+ 33. Kxg1 exd4 34.
fxg6 fxg6 35. e5 Rae8 36. Bd5+ Be6 37. Rh2 Nxg5 38. Rf2 Nh3+ 0-1

[Event "Ann Arbor (Fall Open/4/9)"]
[Site "?"]
[Date "1996.??.??"]
[Round "?"]
[White "Dowling, James"]
[Black "Haddad, Wade"]
[Result "1-0"]
[WhiteElo "1605"]
[BlackElo "1605"]
[PlyCount "133"]
[EventDate "1996.??.??"]

{4/(9)} 1. Nf3 Nf6 2. c4 d6 3. Nc3 g6 4. e4 e5 5. h3 Bg7 6. d4 exd4 7. Nxd4 O-O
8. g4 Re8 9. Bg2 c6 10. O-O Na6 11. Re1 Bd7 12. Bf4 Be6 13. Nxe6 Rxe6 14. e5
Ne8 15. exd6 Rxe1+ 16. Qxe1 Nxd6 17. Rd1 Qf6 18. Bxd6 Rd8 19. Be7 Rxd1 20. Nxd1
Qd4 21. b3 Nc7 22. Bb4 Qa1 23. Qd2 Ne6 24. Kh2 Be5+ 25. Kg1 Qb1 26. Qe1 Bf4 27.
Bc3 Qxa2 28. Bf6 Qxb3 29. Bf1 Qb6 30. Qc3 a5 31. Qb2 Qa7 32. Qa3 b6 33. Qe7 Qb8
34. Bg2 Bd6 35. Qd7 c5 36. Bc6 Nd4 37. Qe8+ Qxe8 38. Bxe8 Kf8 39. Bd7 Bf4 40.
Bd8 b5 41. cxb5 a4 42. Nc3 a3 43. b6 Ne2+ 44. Nxe2 Be5 45. Nc1 Bb2 46. Na2 Be5
47. Bc7 Ke7 48. Bb5 Bd6 49. Bxd6+ Kxd6 50. Kf1 c4 51. Bxc4 Kc6 52. Bxf7 Kxb6
53. g5 Kc5 54. Ke2 Kd4 55. Kd2 Ke4 56. Bg8 Kf4 57. Bxh7 Kxg5 58. Ke3 Kh5 59. f4
Kh6 60. Bxg6 Kxg6 61. Ke4 Kh5 62. f5 Kh6 63. Ke5 Kg7 64. Ke6 Kf8 65. f6 Ke8 66.
h4 Kf8 67. f7 1-0

[Event "Kalamazoo (Mini-Swiss.2/1)"]
[Site "?"]
[Date "1996.??.??"]
[Round "?"]
[White "Dorrington, Eldon"]
[Black "Ingles, Darrell"]
[Result "0-1"]
[WhiteElo "1605"]
[BlackElo "1605"]
[PlyCount "66"]
[EventDate "1996.??.??"]

{2/(1)} 1. e4 c5 2. c4 Nc6 3. Nf3 d6 4. g3 Nf6 5. Nc3 e6 6. Bg2 a6 7. O-O Be7
8. Re1 O-O 9. b3 Bd7 10. Bb2 Nd4 11. Ne2 e5 12. Nc1 b5 13. d3 Qa5 14. Nxd4 cxd4
15. Ne2 Bc6 16. f4 bxc4 17. fxe5 dxe5 18. bxc4 Ba4 19. Qc1 Ng4 20. Ba3 Bxa3 21.
Qxa3 Ne3 22. Rac1 Nc2 23. Rxc2 Qxe1+ 24. Bf1 Bxc2 25. Qd6 Bxd3 26. Kg2 Bxe2 27.
Bxe2 Qxe2+ 28. Kh3 Qf1+ 29. Kg4 Rad8 30. Qxe5 Qe2+ 31. Kh3 Rfe8 32. Qc7 Qf1+
33. Kg4 Rxe4+ 0-1